Premier League Golden Boot Winners by Team-Mates Quiz Stats

 Plays Quiz not verified by Sporcle

Score 0/17 Timer 15:00
0 Plays Today
% Correct
Cristiano Ronaldo
83.8%
Robin van Persie
80.9%
Thierry Henry
79.1%
Carlos Tevez
77%
Dimitar Berbatov
67.7%
Didier Drogba
66%
Nicolas Anelka
65.5%
Michael Owen
64.7%
Jimmy Floyd Hasselbaink
64.3%
% Correct
Kevin Phillips
63.8%
Ruud van Nistelrooy
63.8%
Dion Dublin
63.4%
Teddy Sheringham
63%
Chris Sutton
57%
Dwight Yorke
56.6%
Alan Shearer
54.9%
Andy Cole
41.3%

You're not logged in!

Compare scores with friends on all Sporcle quizzes.
OR
Log In

Show Comments

Extras

Top Quizzes Today


Score Distribution

Your Account Isn't Verified!

In order to create a playlist on Sporcle, you need to verify the email address you used during registration. Go to your Sporcle Settings to finish the process.

Report this User

Report this user for behavior that violates our Community Guidelines.

Details: